Se busca a alguien (Record no. 180280)

MARC details
000 -LEADER
campo de control de longitud fija 00848nam a2200253 i 4500
001 - NÚMERO DE CONTROL
campo de control 180280
003 - IDENTIFICADOR DE NÚMERO DE CONTROL
campo de control ES-MaACL
005 - FECHA Y HORA DE LA ÚLTIMA TRANSACCIÓN
campo de control 20240429100120.0
008 - DATOS DE LONGITUD FIJA--INFORMACIÓN GENERAL
campo de control de longitud fija 120522s2002 sp |||| | spa d
080 ## - NÚMERO DE LA CLASIFICACIÓN DECIMAL UNIVERSAL
Número de la Clasificación Decimal Universal 821.133.1-14"19"
100 1# - ENTRADA PRINCIPAL--NOMBRE DE PERSONA
Nombre de persona Ancet, Jacques.
9 (RLIN) 21400
245 10 - MENCIÓN DEL TÍTULO
Título Se busca a alguien
Resto del título = On cherche quelqu'un /
Mención de responsabilidad, etc. Jacques Ancet ; traducción de Amelia Gamoneda.
246 31 - FORMA VARIANTE DEL TITULO
Título propio/Titulo breve On cherche quelqu'un
260 ## - PUBLICACIÓN, DISTRIBUCIÓN, ETC.
Lugar de publicación, distribución, etc. [Sevilla] :
Nombre del editor, distribuidor, etc. Sibila,
Fecha de publicación, distribución, etc. [2002]
300 ## - DESCRIPCIÓN FÍSICA
Extensión 35 p. ;
Dimensiones 20 cm.
490 1# - MENCIÓN DE SERIE
Mención de serie Sibila ;
Designación de volumen o secuencia 8
525 ## - NOTA DE SUPLEMENTO
Nota de suplemento Suplemento de: Sibila: revista de arte, música y literatura, n. 8 (en. 2002)
594 ## - Nota al título y mención de responsabilidad
Nota al título y mención de responsabilidad Prólogo, Antonio Gamoneda.
700 1# - ENTRADA AGREGADA--NOMBRE PERSONAL
Nombre de persona Gamoneda Lanza, Amelia.
9 (RLIN) 150090
700 1# - ENTRADA AGREGADA--NOMBRE PERSONAL
Nombre de persona Gamoneda, Antonio,
Fechas asociadas al nombre 1931-
9 (RLIN) 53807
830 0# - PUNTO DE ACCESO ADICIONAL DE SERIE-TÍTULO UNIFORME
Título uniforme Sibila ;
Designación de volumen o secuencia 8
9 (RLIN) 191240
852 ## - LOCALIZACIÓN
Ubicación ES-MaACL
Número de control de estantería 2297-F-47
Holdings
Estatus retirado Estado de pérdida Estado de daño No para préstamo Colección Biblioteca de origen Biblioteca actual Ubicación en estantería Fecha de adquisición Fuente de adquisición Total de préstamos Signatura topográfica completa Código de barras Visto por última vez Precio de reemplazo Tipo de ítem Koha
        Colección de folletos Biblioteca del Ateneo de Madrid Biblioteca del Ateneo de Madrid Depósito folletos 22/05/2012     2297-F-47 1189431 23/02/2023 23/02/2023 Folleto